Vẽ kỹ thuật xây dựng : Đã được hội đồng môn học của Bộ Giáo dục và Đào tạo thông qua dùng làm tài liệu giảng dạy cho các trường Đại học Kỹ thuật

Sách được soạn thảo theo chương trình của Bộ Giáo dục và Đào tạo, dùng làm tài liệu giảng dạy và học tập tại các trường đại học kỹ thuật thuộc khối công trình. Sách gồm 2 phần: Phần một là những kiến thức cơ bản về Vẽ kỹ thuật, phâ...

Täydet tiedot

Tallennettuna:
Bibliografiset tiedot
Päätekijä: Đoàn Như Kim (chủ biên)
Muut tekijät: Nguyễn Quang Cự, Dương Tiến Thọ
Aineistotyyppi: Kirja
Kieli:Vietnamese
Julkaistu: TP Hồ Chí Minh Giáo dục Việt Nam 2016
Painos:Tái bản lần thứ 19
Aiheet:
Tagit: Lisää tagi
Ei tageja, Lisää ensimmäinen tagi!
Thư viện lưu trữ: Thư viện Trường Đại học Nam Cần Thơ
LEADER 02016nam a22002657a 4500
001 NCT_38731
008 180602b xxu||||| |||| 00| 0 vie d
999 |c 1870  |d 1870 
020 |a 9786040037558  |c 50000 
082 0 4 |2 23rd ed.  |a 720.28  |b K310 
100 1 |a Đoàn Như Kim  |e chủ biên 
245 1 0 |a Vẽ kỹ thuật xây dựng :  |b Đã được hội đồng môn học của Bộ Giáo dục và Đào tạo thông qua dùng làm tài liệu giảng dạy cho các trường Đại học Kỹ thuật  |c Đoàn Như Kim (chủ biên); Nguyễn Quang Cự, Dương Tiến Thọ 
250 |a Tái bản lần thứ 19 
260 |a TP Hồ Chí Minh  |b Giáo dục Việt Nam  |c 2016 
300 |a 227 tr.  |b hình vẽ, bảng  |c 27cm 
520 3 |a Sách được soạn thảo theo chương trình của Bộ Giáo dục và Đào tạo, dùng làm tài liệu giảng dạy và học tập tại các trường đại học kỹ thuật thuộc khối công trình. Sách gồm 2 phần: Phần một là những kiến thức cơ bản về Vẽ kỹ thuật, phần hai là Vẽ xây dựng 
653 |a Kiến trúc 
700 1 |a Nguyễn Quang Cự 
700 1 |a Dương Tiến Thọ 
942 |2 ddc  |c BK 
952 |0 0  |1 0  |2 ddc  |4 0  |6 720_280000000000000_K310  |7 0  |9 9475  |a 000001  |b 000001  |d 2018-06-02  |o 720.28 K310  |p MD.08935  |r 2018-06-02  |v 50000.00  |w 2018-06-02  |y BK 
952 |0 0  |1 0  |2 ddc  |4 0  |6 720_280000000000000_K310  |7 0  |9 9476  |a 000001  |b 000001  |d 2018-06-02  |l 1  |o 720.28 K310  |p MD.08936  |r 2020-05-25  |s 2020-05-09  |v 50000.00  |w 2018-06-02  |y BK 
952 |0 0  |1 0  |2 ddc  |4 0  |6 720_280000000000000_K310  |7 0  |9 9477  |a 000001  |b 000001  |d 2018-06-02  |o 720.28 K310  |p MD.08937  |r 2018-06-02  |v 50000.00  |w 2018-06-02  |y BK 
952 |0 0  |1 0  |2 ddc  |4 0  |6 720_280000000000000_K310  |7 0  |9 9478  |a 000001  |b 000001  |d 2018-06-02  |o 720.28 K310  |p MD.08938  |r 2018-06-02  |v 50000.00  |w 2018-06-02  |y BK 
980 |a Thư viện Trường Đại học Nam Cần Thơ